| 000 | 00871nam a2200253 a 4500 | ||
|---|---|---|---|
| 999 |
_c10492 _d10492 |
||
| 001 | 10492 | ||
| 003 | BD-JhCC | ||
| 005 | 20180430172634.0 | ||
| 008 | 180430s1968 nbu |||| |||| 000 0 eng d | ||
| 020 | _a822012375 | ||
| 035 | _a(BD-JhCC)10492 | ||
| 040 |
_aBD-JhCC _dBD-JhCC |
||
| 041 | _aeng | ||
| 082 |
_a813.52 _bCAR 1968 |
||
| 100 |
_aCarey, G. K. _q(Gary K.); |
||
| 245 |
_aThe sun also rises; notes, including life and background, general introduction, list of characters, commentary, notes on main characters, "The Hemingway Code Hero", review questions and essay topics / _cG. K. Carey, |
||
| 260 |
_aUSA : _bCliffs Notes, Inc. _c1968 |
||
| 300 |
_a77 p. : _c21 cm. |
||
| 504 | _aIncludes bibliography | ||
| 600 |
_aHemingway, Ernest, _d1899-1961 |
||
| 650 | _aSun also rises (Hemingway, Ernest) | ||
| 650 | _aNovelists, American | ||
| 942 |
_2ddc _cBK |
||